000 00947nam a2200289 i 4500
001 bg
245 0 0 _aIrlandia /
_c[project ed. Brian Bell ; przygot. ed. pol. Bogdan Rudnicki ; tł. Joanna Zarawska].
246 _iTyt. oryg.:
_aIreland
260 _aWarszawa :
_bMediaprofit,
_c2006.
300 _a381 s. :
_bfot., il. kolor., mapy, pl. ;
_c23 cm.
490 1 _aBiblioteka Gazety Wyborczej. Podróże Marzeń ;
_v27
500 _aTyt. oryg.: "Ireland" 2004. Mapa i plan na wyklejkach.
504 _aIndeks.
651 9 _aIrlandia
655 _aPrzewodniki turystyczne
700 1 _aBELL, Brian.
_eRed.
700 1 _aRUDNICKI, Bogdan.
_eRed.
700 1 _aZABOROWSKA, Joanna.
_eTł.
830 0 _aBiblioteka Gazety Wyborczej..
_pPodróże Marzeń
020 _a8360174288
040 _cBPK
041 1 _apol
_heng
080 _a913(415)(036)
920 _a83-60174-28-8
942 _cKS
008 s pl f |000 0 pol
999 _c51682
_d51682
856 _uhttp://koha.tu.koszalin.pl/cgi-bin/koha/opac-detail.pl?biblionumber=51682
_yKatalog online BPK